01028cam a2200265 i 45000010005000000030008000050050017000130080041000300200015000710350018000860400034001040410008001380820017001461000029001632450073001922600046002653000036003115000107003475040051004546500033005056500055005389420012005939990015006059520142006208522BD-RjUL20211208234614.0140118s1971 nyua b 001 0 eng d a0882756192 a(BD-RjUL)8567 aDLCcDLCdDLCd(BD-RjUL)beng aeng00a001.642bRAI1 aRalston, Anthony.92654210aIntroduction to programming and computer science /cAnthony Ralston. aHuntington, N.Y. :bMcGraw-Hill ,cc1971. axxiii, 513 p. :bill. ;c24 cm. aReprint of the ed. published by McGraw-Hill, New York, in series: McGraw-Hill computer science series. aIncludes bibliographical references and index. 0aComputer programming.926543 0aProgramming languages (Electronic computers)91026 2ddccBK c8522d8522 00102ddc40718NFICaRUCLbRUCLcreadingd1973-07-27eBook centreg96.75l0o001.642 RAI 1971r2014-01-18 00:00:00tC-1w2014-01-18yBK